| 000 | 02174nam a2200589 i 4500 | ||
|---|---|---|---|
| 001 | 35662 | ||
| 003 | KOSZ 005 | ||
| 005 | 20240405063112.0 | ||
| 008 | 060606s1995 pl ao g 001 0 pol | ||
| 015 | _aUWD 2020/33708 | ||
| 020 |
_a838561415X _q(oprawa miękka) |
||
| 035 | _a(LUBL_M)LUBL_M69151-48omnis_mpl | ||
| 035 | _a(PUBLU)vtls000069151 | ||
| 035 | _azz2006986807 | ||
| 035 | _a(OCoLC)1241574175 | ||
| 035 | _a(PL)b0000020025514 | ||
| 035 | _a(EXLNZ-48OMNIS_NETWORK)9910869871105606 | ||
| 040 |
_aWA N _cWA N _dKOSZ 005/RW |
||
| 045 | 0 | _bd1945 | |
| 046 | _k1995 | ||
| 080 |
_81.1\x _a94(438).082.21 |
||
| 080 |
_81.2\x _a94(438).083.31 |
||
| 080 |
_81.3\x _a343.25(438) |
||
| 245 | 0 | 0 |
_aStraceni na Zamku Lubelskim : _bdokumenty procesu 11 żołnierzy AK (kwiecień 1945) / _copracowała Zofia Leszczyńska ; Rada Ochrony Pamięci i Męczeństwa, Związek Żołnierzy Armii Krajowej. Oddział w Lublinie. |
| 250 | _aWydanie I. | ||
| 260 |
_aLublin : _bOficyna Wydawnicza "Czas", _c1995. |
||
| 300 |
_a170, [1] stron, [16] stron tablic : _bfotografie ; _c21 cm. |
||
| 336 |
_aTekst _btxt _2rdacontent |
||
| 337 |
_aBez urządzenia pośredniczącego _bn _2rdamedia |
||
| 338 |
_aWolumin _bnc _2rdacarrier |
||
| 380 | _aKsiążki | ||
| 380 | _aPublikacje naukowe | ||
| 388 | 1 | _a1901-2000 | |
| 388 | 1 | _a1989-2000 | |
| 504 | _aBibliografia na stronach 161-162. Indeks. | ||
| 610 | 2 | 7 |
_aArmia Krajowa (AK) _2DBN |
| 648 | 7 |
_a1901-2000 _2DBN |
|
| 648 | 7 |
_a1945-1989 _2DBN |
|
| 650 | 7 |
_aKara śmierci _2DBN |
|
| 650 | 7 |
_aPodziemie polityczne i zbrojne (1944-1956) _2DBN |
|
| 650 | 7 |
_aProcesy polityczne _2DBN |
|
| 650 | 7 |
_aZamek w Lublinie _2DBN |
|
| 651 | 7 |
_aLublin (woj. lubelskie) _2DBN |
|
| 655 | 7 |
_aOpracowanie _2DBN |
|
| 655 | 7 |
_aWydawnictwo źródłowe _2DBN |
|
| 658 | _aHistoria | ||
| 700 | 1 |
_aSmełka-Leszczyńska, Zofia _eOpracowanie |
|
| 710 | 2 |
_aOficyna Wydawnicza Czas _4pbl |
|
| 856 |
_uhttp://koha.tu.koszalin.pl/cgi-bin/koha/opac-detail.pl?biblionumber=35662 _yKatalog online BPK |
||
| 942 |
_2UKD _cKS |
||
| 999 |
_c35662 _d35662 |
||